Damaged 2024 / directed by Terry McDonough ; produced by Paul Aniello, Gianni Capaldi, and Roman Kopelevich ; written by Christina Chatine. (Record no. 20982)

000 -LEADER
fixed length control field 01575nam a22003857a 4500
008 - FIXED-LENGTH DATA ELEMENTS--GENERAL INFORMATION
fixed length control field 250529b xxu||||| |||| 00| 0 eng d
040 ## - CATALOGING SOURCE
Transcribing agency Cagayan State University
082 ## - DEWEY DECIMAL CLASSIFICATION NUMBER
Classification number 791.4372
Item number D154 2024
245 ## - TITLE STATEMENT
Title Damaged 2024 / directed by Terry McDonough ; produced by Paul Aniello, Gianni Capaldi, and Roman Kopelevich ; written by Christina Chatine.
260 ## - PUBLICATION, DISTRIBUTION, ETC. (IMPRINT)
Place of publication, distribution, etc United Kingdom, United States :
Name of publisher, distributor, etc Lionsgate,
Date of publication, distribution, etc 2024.
300 ## - PHYSICAL DESCRIPTION
Extent 1 videofile (ca. 97 mins.)
Other physical details sound, color.
520 ## - SUMMARY, ETC.
Summary, etc A woman struggles to navigate her present life while haunted by the mental and physical trauma of her childhood. Having endured years of abuse, she unknowingly carries the scars of the past which damages her present relationship.
650 ## - SUBJECT ADDED ENTRY--TOPICAL TERM
Topical term or geographic name as entry element Drama.
658 ## - INDEX TERM--CURRICULUM OBJECTIVE
Main curriculum objective Crime.
700 ## - ADDED ENTRY--PERSONAL NAME
Personal name Sakai, Koji Steven, writer.
700 ## - ADDED ENTRY--PERSONAL NAME
Personal name Sakai, Koji Steven, writer.
700 ## - ADDED ENTRY--PERSONAL NAME
Personal name Capaldi, Gianni, writer.
700 ## - ADDED ENTRY--PERSONAL NAME
Personal name Aniello, Paul, writer.
700 ## - ADDED ENTRY--PERSONAL NAME
Personal name Aniello, Paul, story.
700 ## - ADDED ENTRY--PERSONAL NAME
Personal name Capaldi, Gianni, story.
700 ## - ADDED ENTRY--PERSONAL NAME
Personal name Aniello, Paul, producer.
700 ## - ADDED ENTRY--PERSONAL NAME
Personal name Capaldi, Gianni, producer.
700 ## - ADDED ENTRY--PERSONAL NAME
Personal name Kopelevich, Roman, producer.
700 ## - ADDED ENTRY--PERSONAL NAME
Personal name Jackson, Samuel L., star.
700 ## - ADDED ENTRY--PERSONAL NAME
Personal name Haddock, Laura, star.
700 ## - ADDED ENTRY--PERSONAL NAME
Personal name Hannah, John, star.
700 ## - ADDED ENTRY--PERSONAL NAME
Personal name Dickie, Kate, star.
700 ## - ADDED ENTRY--PERSONAL NAME
Personal name Capaldi, Gianni, star.
700 ## - ADDED ENTRY--PERSONAL NAME
Personal name Pötsch, Matthias, cinematographer.
700 ## - ADDED ENTRY--PERSONAL NAME
Personal name de la Madrid, Luis, editor.
700 ## - ADDED ENTRY--PERSONAL NAME
Personal name Albertson, Sean, editor.
700 ## - ADDED ENTRY--PERSONAL NAME
Personal name Nishimura, Kurt, editor.
700 ## - ADDED ENTRY--PERSONAL NAME
Personal name Ridolfi, Andrea, composer.
942 ## - ADDED ENTRY ELEMENTS (KOHA)
Source of classification or shelving scheme
Item type Audio-Visual Materials
Holdings
Source of acquisition Price effective from Permanent location Date last seen Not for loan Date acquired Source of classification or shelving scheme Koha item type Collection code Shelving location Damaged status Lost status Withdrawn status Current location Full call number
Donation 2025-05-29Cagayan State University - Carig Library2025-05-29 2025-05-29 Audio-Visual MaterialsElectronic Media CenterElectronic Media Center   Cagayan State University - Carig Library791.4372 D154 2024

Cagayan State University University Library, Carig Campus
Tuguegarao City, Cagayan 3500 | www.csucarig.edu.ph

Powered by Koha